The incredible Eurodollar /

Bibliographic Details
Main Author: Hogan, W. P. (Warren Pat), 1929-
Other Authors: Pearce, I. F. (Ivor F.)
Format: Book
Language:English
Published: London ; Boston : G. Allen & Unwin, 1982.
Subjects:

MARC

Tag First Indicator Second Indicator Subfields
LEADER 00000pam a2200000 a 4500
001 in00000081294
005 20151008061021.0
008 811105s1982 enka b 00110 eng
010 |a  81019154  
020 |a 0043320813 (U.S.) 
035 |a (OCoLC)07977168 
035 |9 AAJ7114AM 
039 0 |a 2  |b 3  |c 3  |d 3  |e 3 
040 |a DLC  |c DLC  |d TXA  |d UtOrBLW 
049 |a TXAM  |c [388097] 
050 0 0 |a HG3897  |b .H63 1982 
082 0 |a 332.4/5  |2 19 
100 1 |a Hogan, W. P.  |q (Warren Pat),  |d 1929- 
245 1 4 |a The incredible Eurodollar /  |c W.P. Hogan and I.F. Pearce. 
264 1 |a London ;  |a Boston :  |b G. Allen & Unwin,  |c 1982. 
300 |a viii, 144 pages :  |b illustrations ;  |c 24 cm. 
336 |a text  |b txt  |2 rdacontent 
337 |a unmediated  |b n  |2 rdamedia 
338 |a volume  |b nc  |2 rdacarrier 
504 |a Includes bibliographies and index. 
650 0 |a Euro-dollar market. 
700 1 |a Pearce, I. F.  |q (Ivor F.) 
999 |a MARS 
999 f f |s 4b7c6c94-7d75-30f6-b5a4-14ee49f01d60  |i 242525a2-453b-3a5c-a34a-af1325dd61f7  |t 0 
952 f f |p ric  |a Texas A&M University  |b Rellis Campus  |c Joint Library Facility  |d Remote Storage  |t 0  |e HG3897 .H63 1982  |h Library of Congress classification  |i unmediated -- volume  |m A14806137527 
998 f f |a HG3897 .H63 1982  |t 0  |l Remote Storage